Southville International School and Colleges
Your cart is empty.
  • Cart
  • Lists
    Public lists Eva Luna New books Lux_list list_1
    Your lists Log in to create your own lists
  • Log in to your account
  • Your cookies
  • Search history
Southville International School and Colleges
  • Advanced search
  • Recent comments
  • Most popular
  • Libraries

Log in to your account

Log in with GOOGLE


If you do not have an external account, but do have a local account, you can still log in:

  1. Home
  2. MARC view: Boy :
Normal view MARC view ISBD view

Boy : (Record no. 11053)

[ view plain ]
MARC details
000 -LEADER
fixed length control field 00653cam a2200241 a 4500
001 - CONTROL NUMBER
control field 973963
003 - CONTROL NUMBER IDENTIFIER
control field OSt
005 - DATE AND TIME OF LATEST TRANSACTION
control field 20140310182237.0
008 - FIXED-LENGTH DATA ELEMENTS--GENERAL INFORMATION
fixed length control field 850212s1984 enka j 000 0aeng
010 ## - LIBRARY OF CONGRESS CONTROL NUMBER
LC control number 85117335
020 ## - INTERNATIONAL STANDARD BOOK NUMBER
International Standard Book Number 0141303050
Terms of availability £6.50
040 ## - CATALOGING SOURCE
Original cataloging agency DLC
Transcribing agency DLC
Modifying agency DLC
050 00 - LIBRARY OF CONGRESS CALL NUMBER
Classification number PR 6007
Item number .D131 1999
082 00 - DEWEY DECIMAL CLASSIFICATION NUMBER
Classification number FIC
Item number D11 1984
100 1# - MAIN ENTRY--PERSONAL NAME
Personal name Dahl, Roald.
9 (RLIN) 3827
245 10 - TITLE STATEMENT
Title Boy :
Remainder of title tales of childhood /
Statement of responsibility, etc Roald Dahl.
260 ## - PUBLICATION, DISTRIBUTION, ETC. (IMPRINT)
Place of publication, distribution, etc London :
Name of publisher, distributor, etc Puffin Books,
Date of publication, distribution, etc c1999.
300 ## - PHYSICAL DESCRIPTION
Extent 175 p. :
Other physical details ill. ;
Dimensions 20 cm.
541 ## - IMMEDIATE SOURCE OF ACQUISITION NOTE
-- 1
562 ## - COPY AND VERSION IDENTIFICATION NOTE
Number of copies 1
906 ## - LOCAL DATA ELEMENT F, LDF (RLIN)
a 7
b cbc
c orignew
d 3
e ncip
f 19
g y-gencatlg 2002-03-27
942 ## - ADDED ENTRY ELEMENTS (KOHA)
Source of classification or shelving scheme Library of Congress Classification
Koha item type
Holdings
Withdrawn status Lost status Source of classification or shelving scheme Damaged status Home library Current library Shelving location Date acquired Total Checkouts Total Renewals Full call number Barcode Date last seen Date checked out Copy number Price effective from Koha item type
    Library of Congress Classification   Luxembourg Library Luxembourg Library Fiction Section 09/12/2013 3 3 PR 6007 .D131 1999 17862 08/01/2022 07/07/2022 1 09/12/2013 Books

Boy :

APA

Dahl R., . (1999). Boy. London: Puffin Books.

Chicago

Dahl Roald, . 1999. Boy. London: Puffin Books.

Harvard

Dahl R., . (1999). Boy. London: Puffin Books.

MLA

Dahl Roald, . Boy. London: Puffin Books. 1999.

  • Place hold
  • Print
  • Cite
  • Add to your cart (remove)
  • Save record
    BIBTEX Dublin Core MARCXML MARC (non-Unicode/MARC-8) MARC (Unicode/UTF-8) MARC (Unicode/UTF-8, Standard) MODS (XML) RIS
  • More searches
    Search for this title in:
    Other Libraries (WorldCat) Other Databases (Google Scholar) Online Stores (Bookfinder.com) Open Library (openlibrary.org)

Exporting to Dublin Core...

SOUTHVILLE LIBRARY

Southville International School and Colleges Library

1281 Tropical Ave. Cor. Luxembourg St., BF Homes International, Las Pinas City

Tel. No. 8256374 / 252358 Loc. 117/146

Powered by Koha